Gender, law and social justice : international perspectives
Αποθηκεύτηκε σε:
| Άλλοι συγγραφείς: | |
|---|---|
| Μορφή: | Βιβλίο |
| Γλώσσα: | English |
| Δημοσίευση: |
London :
Blackstone,
2000
|
| Σειρά: | Law in its social setting
|
| Θέματα: | |
| Ετικέτες: |
Προσθήκη ετικέτας
Δεν υπάρχουν, Καταχωρήστε ετικέτα πρώτοι!
|
MARC
| LEADER | 00000nam a2200000 i 4500 | ||
|---|---|---|---|
| 001 | 1/40340 | ||
| 008 | 070125s2000 eng d | ||
| 020 | |a 1-84174-256-2 | ||
| 035 | |l 10086810 | ||
| 040 | |a GR-MY-UA |b gre |e aacr | ||
| 041 | 0 | |a eng | |
| 082 | 0 | |a 346.0134 |2 (22) | |
| 245 | 1 | 0 | |a Gender, law and social justice : |b international perspectives / |c edited by Ann Stewart |
| 260 | |a London : |b Blackstone, |c 2000 | ||
| 300 | |a vi, 192 σ.; |c 24 εκ. | ||
| 490 | 1 | |a Law in its social setting | |
| 504 | |a Περιλαμβάνει βιβλιογραφίες και ευρετήριο | ||
| 650 | 0 | 0 | |a Women |x Legal status, laws, etc. |
| 650 | 0 | 0 | |a Women |x Social conditions. |
| 650 | 0 | 0 | |a Women |x Economic conditions. |
| 650 | 0 | 0 | |a Women's rights. |
| 700 | 1 | |a Stewart, Ann. |4 edt | |
| 830 | 0 | |a Law in its social setting | |
| 852 | |a INST |b RHODES |e 20070125 |h 346.0134 GEN |p 005400027060 |q 005400027060 |t BK |y 0 | ||
| 901 | |a BIBL4-2007-1 | ||
| 909 | |a Ρ |b 127667 | ||
| 920 | |a ΚΕΝΤΡΙΚΗ ΔΡΑΣΗ ΦΥΛΟΥ |b ΕΠΕΑΕΚ ΙΙ - ΤΕΠΑΕΣ |y ΡΟΔΟΣ |z 2007-01 | ||
| 970 | |a ΜΙΣΣΟΣ |b ΣΤΑΥΡΟΣ |z 2007/01/25 | ||